=LDR 00000nam 2200000 4500 =001 INLIS000000000010644 =005 20210325090851 =035 ##$$a 0010-061300000010644 =008 210325###########################0###### =041 ##$$a Ind =082 ##$$a 338.642 =090 ##$$a 338.642, Sug h =100 ##$$a SUGENG H.R =245 1#$$a Home Industry jenis barang keperluan sehari-hari =260 ##$$a 2001 :$b Semarang =300 ##$$a vi, 53 hlm, ilus, 21 cm =650 #4$$a Industri Kecil =850 ##$$a NBPNMAT